00396nam a2200145Ia 4500008004100000041000800041082001800049100001600067245005400083260003900137300000800176365001100184650003500195650002000230140306s9999 xx 000 0 und d aeng a338.9bARU/PL aArun, Ghosh aPlanning in India : the chalenge for the nineties aNew DelhibSage Publicationsc1992 a287 bRs.275 aDecentralisation in government aEconomic policy